000 00581nam a2200229Ia 4500
003 OSt
005 20220923230310.0
006 a|||||r|||| 00| 0
007 ta
008 Pun
024 _a279,202
037 _cTextual
040 _aARTS
_cARTS
_bPun
041 _2Pun
_aPun
082 _aO153,1NBHx, M5
100 _aਭੁਪਿੰਦਰ
_9156280
245 0 _aਅਲਵਿਦਾ ਨਹੀ੍ਵ
260 _c1986
650 _aਪੰਜਾਬੀ ਸਾਹਿਤ
942 _hO153,1NBHx, M5
_cTEXL
_2CC
999 _c383749
_d383749